00353nam a2200145Ia 4500008004100000020001800041041000800059082001400067100001300081245003500094260003500129300000900164500001700173650001700190220803s9999 xx 000 0 und d a1-4018-1447-6 aeng a741.2 SHA aSharma A aUnderstanding Color Management aNew YorkbThomson Delmarc2004 a362p aArchitecture aBasic Design